Music Quiz

Random Music or Lyrics Quiz

'Singin' in the Rain' Lyrics Quiz Stats

 Plays Quiz Updated Oct 14, 2015

Score 0/92 Timer 05:00
8 Plays Today
% Correct
(la la la la)
99.4%
singin'
99.2%
singin'
99.2%
singin',
99.2%
singin'
99.2%
singin'
99.2%
singin'
99.2%
the
99.2%
the
99.2%
the
99.2%
the
99.2%
the
99.2%
the
99.2%
the
99.2%
the
99.2%
the
99.2%
the
99.2%
the
99.2%
rain,
99.1%
rain.
99.1%
rain,
99.1%
rain.
99.1%
rain.
99.1%
rain.
99.1%
rain.
99.1%
in
98.9%
in
98.9%
in
98.9%
in
98.9%
in
98.9%
in
98.9%
% Correct
in
98.9%
I
97.8%
I'm
97.7%
I'm
97.7%
I'm
97.7%
I'm
97.7%
I'm
97.7%
I'm
97.7%
I'm
97.7%
a
97%
a
97%
a
97%
just
92.3%
just
92.3%
What
91.7%
happy
90.3%
happy
90.3%
happy
90.2%
feelin'
89.8%
again.
87.9%
again.
87.9%
glorious
84.9%
and
77.3%
and
77.3%
and
77.3%
Dancing
74.4%
dancin'
74.4%
dancin'
74.4%
on
61.8%
on
61.8%
my
59.5%
% Correct
my
59.5%
clouds
58.4%
clouds
58.4%
love.
56.3%
for
55.9%
so
53.5%
at
52.2%
with
51.9%
with
51.9%
laughing
51.1%
up
50.9%
face.
49.1%
smile
48.6%
above,
47.8%
ready
46.2%
walk
43.8%
from
42.5%
heart
42.3%
refrain
41.6%
Let
41.4%
down
41%
place.
39.6%
stormy
38.7%
sun's
38%
lane
36.7%
I've
36.4%
Come
36.3%
chase
36.2%
dark
36.1%
everyone
33.6%

You're not logged in!

Compare scores with friends on all Sporcle quizzes.
OR
Log In

Sporcle TV

Today on Sporcle TV


Watch our educational content, quiz creation guides, and fun videos on Sporcle TV.

Show Comments

Extras

Top Quizzes Today


Score Distribution

Your Account Isn't Verified!

In order to create a playlist on Sporcle, you need to verify the email address you used during registration. Go to your Sporcle Settings to finish the process.

Report this User

Report this user for behavior that violates our Community Guidelines.

Details: